[Event "IND-ch U17"]
[Site "Haryana"]
[Date "2018.09.05"]
[Round "3"]
[White "Deota, Snehil S"]
[Black "Mitrabha, Guha"]
[Result "0-1"]
[WhiteElo "1851"]
[BlackElo "2376"]
[PlyCount "104"]
[EventDate "2018.09.03"]
[EventType "swiss"]
[EventRounds "11"]
[EventCountry "IND"]
[SourceTitle "CBM 186 Extra"]
[Source "ChessBase"]
[SourceDate "2018.08.24"]
[SourceVersion "1"]
[SourceVersionDate "2018.08.24"]
[SourceQuality "1"]

1. d4 e6 2. c4 b6 3. e4 Bb7 4. Qc2 Qh4 5. Nd2 f5 6. g3 Bxe4 7. Qd1 Qe7 8. Nxe4 fxe4 9. a3 Nf6 10. Bg2 Qf7 11. Ne2 Be7 12. 0-0 0-0 13. Bg5 d5 14. Rc1 h6 15. Bxf6 Bxf6 16. Qb3 c6 17. Rc2 Nd7 18. cxd5 cxd5 19. f3 exf3 20. Bxf3 Bg5 21. Kg2 h5 22. Rc7 Nc5 23. Rxf7 Nxb3 24. Bxh5 Nd2 25. Rxf8+ Rxf8 26. Rxf8+ Kxf8 27. Nc3 Nb3 28. Nb5 a6 29. Bd1 axb5 30. Bxb3 Be3 31. Bd1 Bxd4 32. b3 Ke7 33. h4 e5 34. Be2 Bb2 35. Bxb5 Bxa3 36. Kf3 Ke6 37. g4 e4+ 38. Ke2 Ke5 39. g5 Be7 40. Bc6 d4 41. Bb7 d3+ 42. Ke3 Bc5+ 43. Kd2 Kd4 44. Kd1 e3 45. Bf3 Be7 46. Ke1 Ke5 47. Bh5 Bb4+ 48. Kd1 Kf4 49. g6 Kg3 50. Be2 dxe2+ 51. Kxe2 Kxh4 52. Kxe3 Kg5 0-1